Southville International School and Colleges
Your cart is empty.
  • Cart
  • Lists
    Public lists Eva Luna New books Lux_list list_1
    Your lists Log in to create your own lists
  • Log in to your account
  • Your cookies
  • Search history
Southville International School and Colleges
  • Advanced search
  • Recent comments
  • Most popular
  • Libraries

Log in to your account

Log in with GOOGLE


If you do not have an external account, but do have a local account, you can still log in:

  1. Home
  2. MARC view: Baseball treasures /
Normal view MARC view ISBD view

Baseball treasures / (Record no. 288044)

[ view plain ]
MARC details
000 -LEADER
fixed length control field 00547nam a2200169Ia 4500
008 - FIXED-LENGTH DATA ELEMENTS--GENERAL INFORMATION
fixed length control field 150610s9999 xx 000 0 und d
020 ## - INTERNATIONAL STANDARD BOOK NUMBER
International Standard Book Number 9780061144738
050 ## - LIBRARY OF CONGRESS CALL NUMBER
Classification number GV875.2
Item number .W65 2007
100 ## - MAIN ENTRY--PERSONAL NAME
Personal name Wong, Stephen
245 ## - TITLE STATEMENT
Title Baseball treasures /
Statement of responsibility, etc by Stephen Wong; photographs by Susan Einstein.
250 ## - EDITION STATEMENT
Edition statement 1st ed.
260 ## - PUBLICATION, DISTRIBUTION, ETC. (IMPRINT)
Place of publication, distribution, etc New York :
Name of publisher, distributor, etc Harper Collins,
Date of publication, distribution, etc 2007.
300 ## - PHYSICAL DESCRIPTION
Extent 58pages :
Other physical details col. illustrations ;
Dimensions 26 cm.
504 ## - BIBLIOGRAPHY, ETC. NOTE
Bibliography, etc Includes index.
520 ## - SUMMARY, ETC.
Summary, etc Juvenile literature.
650 ## - SUBJECT ADDED ENTRY--TOPICAL TERM
Topical term or geographic name as entry element Baseball-History
General subdivision Juvenile literature.
Holdings
Withdrawn status Lost status Damaged status Home library Current library Shelving location Date acquired Total Checkouts Full call number Barcode Date last seen Price effective from Koha item type
      Stonyhurst Southville International School (Batangas) Stonyhurst Southville International School (Batangas) High School Section 06/10/2015   GV875.2 .W65 2007 US-1283 06/10/2015 06/10/2015 Books

Baseball treasures /

APA

Wong S., . (2007). Baseball treasures. New York: Harper Collins.

Chicago

Wong Stephen, . 2007. Baseball treasures. New York: Harper Collins.

Harvard

Wong S., . (2007). Baseball treasures. New York: Harper Collins.

MLA

Wong Stephen, . Baseball treasures. New York: Harper Collins. 2007.

  • Place hold
  • Print
  • Cite
  • Add to your cart (remove)
  • Save record
    BIBTEX Dublin Core MARCXML MARC (non-Unicode/MARC-8) MARC (Unicode/UTF-8) MARC (Unicode/UTF-8, Standard) MODS (XML) RIS
  • More searches
    Search for this title in:
    Other Libraries (WorldCat) Other Databases (Google Scholar) Online Stores (Bookfinder.com) Open Library (openlibrary.org)

Exporting to Dublin Core...

SOUTHVILLE LIBRARY

Southville International School and Colleges Library

1281 Tropical Ave. Cor. Luxembourg St., BF Homes International, Las Pinas City

Tel. No. 8256374 / 252358 Loc. 117/146

Powered by Koha